| 000 | 00413nam a22001577a 4500 | ||
|---|---|---|---|
| 003 | OSt | ||
| 005 | 20250714141902.0 | ||
| 008 | 250714b |||||||| |||| 00| 0 eng d | ||
| 020 | _a978-93-88510-96-7 | ||
| 040 | _cSKBL | ||
| 100 | _aBaruah,Bhagyashree | ||
| 245 | _aFertility Among the Immigrant Muslims of Assm | ||
| 250 | _a1st | ||
| 260 |
_aPanbazar Guwahati _bEBH Publishers _c2019 |
||
| 942 |
_2ddc _cBK _e1st _n0 |
||
| 999 |
_c67564 _d67564 |
||